[Event "St.Petersburg Rapid 2016"]
[Site "St Petersburg RUS"]
[Date "2016.08.27"]
[Round "3.4"]
[White "Smirnov, Artem"]
[Black "Pridorozhni, Aleksei"]
[Result "1/2-1/2"]
[WhiteTitle "IM"]
[BlackTitle "GM"]
[WhiteElo "2409"]
[BlackElo "2579"]
[WhiteFideId "4143256"]
[BlackFideId "4127870"]
[EventDate "2016.08.27"]

1. d4 d6 2. Nf3 Bg4 3. c4 Nd7 4. Nc3 Ngf6 5. g3 c6 6. Bg2 e5 7. O-O Be7 8. h3
Bh5 9. Nh4 O-O 10. b3 Re8 11. Bb2 Bf8 12. d5 Rc8 13. Qd2 Nb6 14. e4 cxd5 15.
exd5 Nbd7 16. Rfe1 a6 17. Rac1 Nc5 18. b4 Ncd7 19. Ne4 Nxe4 20. Bxe4 g6 21. Bg2
f5 22. c5 e4 23. c6 Ne5 24. Bxe5 dxe5 25. cxb7 Rb8 26. d6 Qxd6 27. Qxd6 Bxd6 28.
g4 Be7 29. gxh5 Rxb7 30. Bxe4 fxe4 31. Rxe4 Rxb4 32. Rxb4 Bxb4 33. hxg6 hxg6 34.
Rc6 a5 35. Rxg6+ Kf7 36. Rh6 e4 37. Nf5 Rd8 38. Ng3 Rd2 39. Nxe4 Rxa2 40. Rb6
Re2 41. Ng3 Rb2 42. Ra6 Be1 43. Ne4 Kg7 44. Kf1 Rb1 45. Ke2 Bb4 46. h4 Be7 47.
h5 Rb5 48. f4 Rxh5 49. Ra7 Kf8 50. Ng5 Bxg5 51. fxg5 Rxg5 52. Kd3 Ke8 53. Kc4
Kd8 54. Rb7 Kc8 55. Rb5 Rxb5 56. Kxb5 a4 57. Kxa4 1/2-1/2

[Event "St.Petersburg Rapid 2016"]
[Site "St Petersburg RUS"]
[Date "2016.08.27"]
[Round "3.5"]
[White "Lysyj, Igor"]
[Black "Kashtanov, Ruslan"]
[Result "1-0"]
[WhiteTitle "GM"]
[BlackTitle "IM"]
[WhiteElo "2643"]
[BlackElo "2356"]
[WhiteFideId "4150120"]
[BlackFideId "4124871"]
[EventDate "2016.08.27"]

1. d4 Nf6 2. c4 g6 3. Nc3 Bg7 4. e4 d6 5. Nf3 O-O 6. Be2 c5 7. O-O Re8 8. Be3
Ng4 9. Bg5 h6 10. Bc1 a6 11. h3 cxd4 12. Nxd4 Nf6 13. Be3 Nc6 14. Qd2 Bd7 15.
Nc2 Kh7 16. f4 Rb8 17. Na3 Qa5 18. Rad1 Nh5 19. Bxh5 Qxh5 20. Nd5 f5 21. exf5
gxf5 22. b4 b5 23. cxb5 axb5 24. Nb6 Red8 25. Nxb5 Be8 26. Nc7 e5 27. Ne6 Bf7
28. Nxd8 Rxd8 29. b5 Nd4 30. Bxd4 exd4 31. a4 Qg6 32. Rc1 Bf6 33. a5 d3 34. Qxd3
Rg8 35. Rc2 Qg7 36. Kh1 Bd4 37. Rd1 Bc5 38. Nd7 Bh5 39. Nxc5 Bxd1 40. Qxd1 dxc5
41. Qd5 Qa1+ 42. Kh2 Qxa5 43. Qxf5+ Kh8 44. Qe5+ Rg7 45. Rxc5 Qb6 46. Rc8+ Kh7
47. Qf5+ 1-0

[Event "St.Petersburg Rapid 2016"]
[Site "St Petersburg RUS"]
[Date "2016.08.27"]
[Round "3.6"]
[White "Afanasiev, Nikita"]
[Black "Huzman, Alexander"]
[Result "0-1"]
[WhiteTitle "FM"]
[BlackTitle "GM"]
[WhiteElo "2349"]
[BlackElo "2577"]
[WhiteFideId "24183555"]
[BlackFideId "2803828"]
[EventDate "2016.08.27"]

1. e4 e6 2. d3 c5 3. g3 Nc6 4. Bg2 g6 5. f4 Bg7 6. Nf3 Nge7 7. O-O O-O 8. c3 d6
9. Nbd2 b6 10. Kh1 Bb7 11. Qe2 Qd7 12. a4 Rae8 13. Nc4 d5 14. Nce5 Nxe5 15. Nxe5
Qc7 16. a5 bxa5 17. Be3 f6 18. Ng4 f5 19. Nf2 Rc8 20. Bd2 c4 21. e5 cxd3 22.
Qxd3 Nc6 23. Be3 Rfd8 24. Ra4 Bf8 25. Rfa1 Rb8 26. Nh3 Be7 27. Ng1 d4 28. Bf2
dxc3 29. Qxc3 Bb4 30. Qc4 Qd7 31. Nf3 Ne7 32. Nd4 Bxg2+ 33. Kxg2 Nd5 34. Qc6 Kf7
35. Rc1 Rb6 36. Qxd7+ Rxd7 37. Rc2 h6 38. h4 Rbb7 39. Ra1 Rdc7 40. Rac1 Rxc2 41.
Rxc2 Rc7 42. Rxc7+ Nxc7 43. Nc6 Nd5 44. Nxa7 Ke8 45. Nc6 Kd7 46. Nd4 a4 47. Kf3
Bd2 48. Nc2 g5 49. hxg5 hxg5 50. fxg5 Bxg5 51. Ke2 Bc1 52. Bd4 Kc6 53. Kd3 Kb5
54. Na3+ Kb4 55. Kc2 Bg5 56. Kd3 Bd8 57. Nc4 Bc7 58. Nd2 Bd8 59. Nf3 Be7 60. Bf2
Kb3 61. Nd4+ Kxb2 62. Nxe6 Nb4+ 63. Kc4 Nc2 64. Nd4 a3 65. Nxc2 Kxc2 66. Bd4 a2
67. e6 Ba3 0-1

[Event "St.Petersburg Rapid 2016"]
[Site "St Petersburg RUS"]
[Date "2016.08.27"]
[Round "3.7"]
[White "Lintchevski, Daniil"]
[Black "Kukhmazov, Arsen"]
[Result "1-0"]
[WhiteTitle "GM"]
[BlackTitle "IM"]
[WhiteElo "2527"]
[BlackElo "2399"]
[WhiteFideId "4171055"]
[BlackFideId "24108260"]
[EventDate "2016.08.27"]

1. e4 c6 2. d4 d5 3. Nd2 dxe4 4. Nxe4 Bf5 5. Ng3 Bg6 6. h4 h6 7. Nf3 e6 8. h5
Bh7 9. Bd3 Bxd3 10. Qxd3 Nf6 11. Bd2 c5 12. Ne4 Nc6 13. Bc3 Nxe4 14. Qxe4 c4 15.
O-O-O Qd5 16. Rhe1 O-O-O 17. Ne5 Nxe5 18. dxe5 Qxe4 19. Rxe4 Rxd1+ 20. Kxd1 b5
21. Rf4 Bc5 22. Rxf7 Rg8 23. g4 b4 24. Bd2 Bd4 25. c3 Bxe5 26. Rxa7 Kb8 27. Ra5
bxc3 28. Rxe5 cxd2 29. Rxe6 Rf8 30. Rg6 Rxf2 31. Rxg7 Rg2 32. g5 1-0

[Event "St.Petersburg Rapid 2016"]
[Site "St Petersburg RUS"]
[Date "2016.08.27"]
[Round "3.8"]
[White "Shchukin, Dmitry"]
[Black "Rozum, Ivan"]
[Result "1/2-1/2"]
[WhiteTitle "IM"]
[BlackTitle "GM"]
[WhiteElo "2300"]
[BlackElo "2585"]
[WhiteFideId "4121724"]
[BlackFideId "24104272"]
[EventDate "2016.08.27"]

1. e4 c6 2. c4 d5 3. cxd5 cxd5 4. exd5 Nf6 5. Qa4+ Nbd7 6. Nc3 g6 7. Nf3 Bg7 8.
Bc4 O-O 9. d3 a6 10. Qa3 Ne8 11. O-O Nd6 12. Ne4 Nf6 13. Nxd6 Qxd6 14. Qxd6 exd6
15. a4 Bg4 16. Ng5 Rac8 17. f3 Bf5 18. Re1 b5 19. axb5 axb5 20. Bxb5 Nxd5 21.
Ne4 Nc7 22. Nxd6 Nxb5 23. Nxb5 Bxd3 24. Nc3 Rb8 25. h3 Rfc8 26. Nd5 Re8 27. Bf4
Rbd8 28. Nc3 Bf5 29. Bg5 Rb8 30. Bf4 Rbd8 31. Bg5 Rb8 32. Bf4 Rbd8 1/2-1/2

[Event "St.Petersburg Rapid 2016"]
[Site "St Petersburg RUS"]
[Date "2016.08.27"]
[Round "3.9"]
[White "Chigaev, Maksim"]
[Black "Triapishko, Olexandr"]
[Result "1/2-1/2"]
[WhiteTitle "IM"]
[WhiteElo "2550"]
[BlackElo "2466"]
[WhiteFideId "4108116"]
[BlackFideId "14122286"]
[EventDate "2016.08.27"]

1. d4 Nf6 2. Bf4 g6 3. Nc3 d5 4. Qd2 Bg7 5. Bh6 Bxh6 6. Qxh6 Qd6 7. O-O-O Ng4 8.
Qg7 Qf6 9. Qxf6 Nxf6 10. f3 c6 11. e4 dxe4 12. fxe4 e5 13. Nf3 Ng4 14. Rd2 exd4
15. Rxd4 Nd7 16. Be2 Nge5 17. Nd1 f6 18. Nf2 Ke7 19. Rhd1 a5 20. a4 Nc5 21. b3
Be6 22. Kb2 Rhb8 23. Nxe5 fxe5 24. R4d2 h5 25. Bf1 Rf8 26. Re1 Rf6 27. Nd3 Nxd3+
28. Bxd3 Raf8 29. Kc3 Rf2 30. Ree2 Rxe2 31. Rxe2 b6 32. Rd2 Rd8 33. Rf2 Rd4 34.
h4 Rb4 35. g3 c5 36. Rf1 Rd4 37. Kd2 Rd6 38. Ke3 Rd4 39. Be2 Rd8 40. Rb1 Rg8 41.
c3 g5 42. hxg5 Rxg5 43. Kf2 Bd7 44. Rh1 Be8 45. Bc4 Bc6 46. Kf3 Bd7 47. Kf2 Bc6
48. Bd5 Be8 49. Kf3 Bd7 50. Bc4 Rg6 51. Bb5 Rf6+ 52. Ke3 Bg4 53. Be2 Rg6 54.
Bxg4 Rxg4 55. Kf3 Rg5 56. Rd1 Rg8 57. Rh1 Rg5 58. b4 cxb4 59. cxb4 axb4 60. Rb1
Rg6 61. Rxb4 Rc6 62. Rb5 Kf6 63. Kg2 Rc4 64. Rxb6+ Kg5 65. Kf3 Rxa4 66. Re6 Ra3+
67. Kg2 Re3 68. Rxe5+ Kg4 1/2-1/2

[Event "St.Petersburg Rapid 2016"]
[Site "St Petersburg RUS"]
[Date "2016.08.27"]
[Round "3.10"]
[White "Yudin, Sergei"]
[Black "Khlebovich, Alexander"]
[Result "1-0"]
[WhiteTitle "GM"]
[BlackTitle "FM"]
[WhiteElo "2539"]
[BlackElo "2313"]
[WhiteFideId "4159659"]
[BlackFideId "4169123"]
[EventDate "2016.08.27"]

1. e4 c5 2. Nf3 d6 3. c3 Nf6 4. Bd3 Nc6 5. h3 g6 6. O-O Bg7 7. Bc2 e5 8. d3 O-O
9. a3 a5 10. a4 d5 11. exd5 Nxd5 12. Na3 h6 13. Re1 Be6 14. Bb3 Re8 15. Nc4 Qc7
16. Bd2 Rad8 17. Qc2 Kh7 18. Rad1 f5 19. Bc1 Nf6 20. Na3 e4 21. dxe4 Bxb3 22.
Qxb3 Nxe4 23. Be3 Ne5 24. Nxe5 Bxe5 25. Nc4 Bh2+ 26. Kf1 Bf4 27. Qb6 Qxb6 28.
Nxb6 Bxe3 29. fxe3 Ng3+ 30. Kf2 Ne4+ 31. Ke2 Ng3+ 32. Kf3 Ne4 33. Nc4 Kg8 34.
Nxa5 Ra8 35. Nxb7 Rxa4 36. Nd6 Ng5+ 37. Kg3 Re6 38. Kh2 Ne4 39. Nxe4 Raxe4 40.
Rd8+ Kf7 41. Rc8 R6e5 42. Rc7+ Kf6 43. Rc6+ Kg5 44. Rd1 Re6 45. Rxc5 Rxe3 46.
Rd2 Re1 47. b4 Rb1 48. b5 h5 49. Kg3 h4+ 50. Kf2 Ree1 51. Re2 Rec1 52. Ke3 Rb3
53. Kd4 Rf1 54. Kd5 Kf4 55. Kc6 Kg3 56. c4 Rb4 57. Rc2 Re1 58. Rd5 Reb1 59. Kc7
R1b3 60. Rd6 g5 61. b6 g4 62. hxg4 fxg4 63. c5 h3 64. gxh3 gxh3 65. Rh6 Rb5 66.
Kc8 R5b4 67. Rh7 Rb5 68. b7 h2 69. Rcxh2 1-0

[Event "St.Petersburg Rapid 2016"]
[Site "St Petersburg RUS"]
[Date "2016.08.27"]
[Round "3.11"]
[White "Gevorgyan, David Sh."]
[Black "Romanov, Evgeny"]
[Result "0-1"]
[WhiteTitle "IM"]
[BlackTitle "GM"]
[WhiteElo "2335"]
[BlackElo "2619"]
[WhiteFideId "13303244"]
[BlackFideId "4148843"]
[EventDate "2016.08.27"]

1. d4 Nf6 2. c4 e6 3. Nf3 b6 4. g3 Ba6 5. Qc2 c5 6. Bg2 Bb7 7. dxc5 bxc5 8. O-O
Be7 9. Nc3 O-O 10. b3 d5 11. cxd5 exd5 12. Bb2 Nbd7 13. Rfd1 d4 14. Nb1 Re8 15.
Nbd2 Bf8 16. Nc4 Be4 17. Qd2 Nb6 18. Rac1 Nxc4 19. Rxc4 a5 20. Ba3 Bd5 21. Rc2
a4 22. b4 Ne4 23. Qe1 Nc3 24. Rdd2 cxb4 25. Rxd4 Qb6 26. Rxc3 Bxf3 27. Rxf3 Qxd4
28. Rf4 Qc3 29. Qxc3 bxc3 30. Bxf8 Rac8 31. Ba3 Rxe2 32. Bd5 c2 33. Bxf7+ Kh8
34. Kf1 Re7 35. Bc4 Rec7 36. Be6 Re8 37. Bc1 Rce7 38. Bf5 Re1+ 39. Kg2 Rxc1 40.
Rc4 g6 41. Bd7 Ra8 42. Kf3 Rd1 43. Bc6 Rf8+ 0-1

[Event "St.Petersburg Rapid 2016"]
[Site "St Petersburg RUS"]
[Date "2016.08.27"]
[Round "3.12"]
[White "Goganov, Aleksey"]
[Black "Nazaretyan, Tigran"]
[Result "1-0"]
[WhiteTitle "GM"]
[WhiteElo "2627"]
[BlackElo "2298"]
[WhiteFideId "24109959"]
[BlackFideId "24162345"]
[EventDate "2016.08.27"]

1. c4 Nf6 2. Nc3 e5 3. Nf3 Nc6 4. g3 Bc5 5. Nxe5 Nxe5 6. d4 Bd6 7. c5 Bxc5 8.
dxc5 Qe7 9. Be3 Nfg4 10. Qd4 c6 11. Bg2 Nxe3 12. Qxe3 b6 13. Ne4 bxc5 14. Qxc5
d5 15. Qxe7+ Kxe7 16. Nc3 Rb8 17. b3 g5 18. h3 h5 19. O-O-O f5 20. h4 Ng4 21.
Rdf1 Kf6 22. hxg5+ Kxg5 23. Kd2 Ba6 24. f3 Nf6 25. Rh4 Rhe8 26. Rfh1 c5 27. e3
Rbd8 28. Ra4 d4 29. Rxa6 dxc3+ 30. Kxc3 Rxe3+ 31. Kc4 Rd2 32. f4+ Kg6 33. Bc6
Rc2+ 34. Kb5 Rxg3 35. Be8+ Kg7 36. Rxa7+ Kf8 37. Bxh5 Rg7 38. Rxg7 Kxg7 39. a4
Rc3 40. Rg1+ Kf8 41. Bd1 Rc1 42. a5 Nd5 43. a6 Ra1 44. Kxc5 Nc7 45. a7 Na8 46.
Bf3 Rxa7 47. Rg5 Ra3 48. Bxa8 Rxa8 49. Rxf5+ Ke7 50. Re5+ Kd7 51. b4 Rc8+ 52.
Kd4 Kd6 53. Rd5+ Ke6 54. f5+ Kf6 55. b5 Rc1 56. b6 Rd1+ 57. Kc5 Rc1+ 58. Kd6 Rb1
59. Kc6 Ke7 60. b7 Rc1+ 61. Kb6 1-0

[Event "St.Petersburg Rapid 2016"]
[Site "St Petersburg RUS"]
[Date "2016.08.27"]
[Round "4.2"]
[White "Dubov, Daniil"]
[Black "Goganov, Aleksey"]
[Result "1-0"]
[WhiteTitle "GM"]
[BlackTitle "GM"]
[WhiteElo "2648"]
[BlackElo "2627"]
[WhiteFideId "24126055"]
[BlackFideId "24109959"]
[EventDate "2016.08.27"]

1. c4 c6 2. Nf3 d5 3. g3 Nf6 4. Bg2 Bf5 5. cxd5 cxd5 6. Qb3 Nc6 7. Qxb7 Bd7 8.
Qb3 Rb8 9. Qd1 e5 10. O-O e4 11. Ne1 Bc5 12. d3 h5 13. Nc3 h4 14. dxe4 hxg3 15.
hxg3 Bh3 16. Bxh3 Rxh3 17. Kg2 Qc8 18. Nd3 Rh5 19. Rh1 Rxh1 20. Qxh1 1-0

[Event "St.Petersburg Rapid 2016"]
[Site "St Petersburg RUS"]
[Date "2016.08.27"]
[Round "4.3"]
[White "Alekseenko, Kirill"]
[Black "Alekseev, Evgeny"]
[Result "1/2-1/2"]
[WhiteTitle "GM"]
[BlackTitle "GM"]
[WhiteElo "2582"]
[BlackElo "2636"]
[WhiteFideId "4135539"]
[BlackFideId "4138147"]
[EventDate "2016.08.27"]

1. e4 e5 2. Nf3 Nc6 3. Bb5 Nf6 4. d3 Bc5 5. c3 O-O 6. O-O d6 7. Nbd2 Bb6 8. h3
Ne7 9. Nc4 Ng6 10. Re1 c6 11. Nxb6 axb6 12. Ba4 Re8 13. Bc2 d5 14. Be3 h6 15. a4
c5 16. Qb1 Be6 17. b4 Qd6 18. bxc5 bxc5 19. Qb5 d4 20. cxd4 cxd4 21. Bd2 Rec8
22. Rec1 Bd7 23. Qb2 Qa6 24. a5 Rc7 25. Ne1 Rac8 26. Bd1 Qb5 27. Qa3 Rxc1 28.
Rxc1 Rxc1 29. Qxc1 Bc6 30. g3 Nd7 31. Qa3 Nc5 32. Bb4 Na6 33. Bd6 Qb1 34. Qb3
Qa1 35. Ba3 Nf8 36. Kf1 Ne6 37. Bh5 Qc3 38. Qxc3 dxc3 39. Bd1 Nec5 40. Ke2 f6
41. Ke3 Kf7 42. f3 Ba4 43. Bc2 Bxc2 44. Nxc2 Nb3 45. d4 Nxa5 46. Kd3 exd4 47.
Nxd4 Nc6 48. Nxc6 bxc6 49. Kxc3 g6 50. Kc4 Ke6 51. Bc1 h5 52. Bf4 g5 53. Be3 Nb8
54. f4 1/2-1/2

[Event "St.Petersburg Rapid 2016"]
[Site "St Petersburg RUS"]
[Date "2016.08.27"]
[Round "4.4"]
[White "Gordievsky, Dmitry"]
[Black "Lysyj, Igor"]
[Result "1/2-1/2"]
[WhiteTitle "IM"]
[BlackTitle "GM"]
[WhiteElo "2555"]
[BlackElo "2643"]
[WhiteFideId "24112798"]
[BlackFideId "4150120"]
[EventDate "2016.08.27"]

1. Nf3 Nf6 2. c4 e6 3. Nc3 c5 4. g3 b6 5. Bg2 Bb7 6. O-O Be7 7. d4 cxd4 8. Qxd4
O-O 9. Rd1 d6 10. Nb5 Nc6 11. Qd3 Qc8 12. Bg5 Rd8 13. Rac1 a6 14. Nc3 Ne5 15.
Nxe5 dxe5 16. Bxb7 Qxb7 17. Qf3 Qc7 18. b3 h6 19. Bxf6 Bxf6 20. Rxd8+ Rxd8 21.
Rd1 Rc8 22. Rd3 Be7 23. e3 Bb4 24. Qd1 b5 25. a3 Bxa3 26. cxb5 e4 27. Nxe4 axb5
28. Rc3 Qd8 1/2-1/2

[Event "St.Petersburg Rapid 2016"]
[Site "St Petersburg RUS"]
[Date "2016.08.27"]
[Round "4.5"]
[White "Moiseenko, Vadim"]
[Black "Lintchevski, Daniil"]
[Result "1/2-1/2"]
[WhiteTitle "IM"]
[BlackTitle "GM"]
[WhiteElo "2533"]
[BlackElo "2527"]
[WhiteFideId "4123700"]
[BlackFideId "4171055"]
[EventDate "2016.08.27"]

1. e4 c5 2. Nf3 e6 3. c4 Nc6 4. Be2 Nf6 5. Nc3 d5 6. exd5 exd5 7. d4 Be7 8. O-O
O-O 9. Be3 cxd4 10. Nxd4 Nxd4 11. Bxd4 dxc4 12. Bxc4 Bg4 13. Qd3 Bh5 14. Rfe1
Bg6 15. Qe3 Bd6 16. h3 Re8 17. Qd2 Qc7 18. Bxf6 gxf6 19. Nd5 Rxe1+ 20. Rxe1 Bh2+
21. Kh1 Qxc4 22. Kxh2 Kg7 23. b3 Qc6 24. Nf4 Re8 25. Rxe8 Qxe8 26. g3 Qe5 27. f3
a5 28. Kg2 b5 29. Qxa5 Qb2+ 30. Kg1 Qd4+ 31. Kg2 Qb2+ 32. Kg1 Qd4+ 33. Kg2 1/2-1/2

[Event "St.Petersburg Rapid 2016"]
[Site "St Petersburg RUS"]
[Date "2016.08.27"]
[Round "4.6"]
[White "Bodnaruk, Anastasia"]
[Black "Yudin, Sergei"]
[Result "0-1"]
[WhiteTitle "IM"]
[BlackTitle "GM"]
[WhiteElo "2465"]
[BlackElo "2539"]
[WhiteFideId "4181751"]
[BlackFideId "4159659"]
[EventDate "2016.08.27"]

1. e4 d6 2. d4 Nf6 3. Nc3 e5 4. Nf3 Nbd7 5. Bc4 Be7 6. O-O O-O 7. Re1 c6 8. a4
exd4 9. Nxd4 Ne5 10. Ba2 Re8 11. f4 Ng6 12. Qd3 d5 13. exd5 cxd5 14. Bd2 Bc5 15.
Rxe8+ Qxe8 16. Re1 Qd8 17. Kh1 Nf8 18. f5 Ng4 19. Nd1 Bxd4 20. Qxd4 Bxf5 21.
Qxd5 Be6 22. Qxd8 Rxd8 23. Bxe6 Nxe6 24. Be3 Nxe3 25. Nxe3 Rd2 26. Kg1 Kf8 27.
Kf1 Ke7 28. Rd1 Rxd1+ 29. Nxd1 Kd6 30. Ke2 Kc5 31. b3 f5 32. g3 Kd4 33. c3+ Kd5
34. Ne3+ Ke4 35. b4 f4 36. gxf4 Nxf4+ 37. Kd2 h5 38. Nc4 h4 39. Nd6+ Kf3 40.
Nxb7 h3 41. c4 Kg2 42. Ke3 Kxh2 43. Nd6 Kg2 44. Ne4 h2 45. Nf2 Nh3 0-1

[Event "St.Petersburg Rapid 2016"]
[Site "St Petersburg RUS"]
[Date "2016.08.27"]
[Round "4.7"]
[White "Pridorozhni, Aleksei"]
[Black "Usmanov, Vasily"]
[Result "1/2-1/2"]
[WhiteTitle "GM"]
[BlackTitle "IM"]
[WhiteElo "2579"]
[BlackElo "2423"]
[WhiteFideId "4127870"]
[BlackFideId "4135741"]
[EventDate "2016.08.27"]

1. e4 d5 2. Nc3 e6 3. d4 Bb4 4. exd5 exd5 5. Bd3 Ne7 6. Qf3 c5 7. dxc5 d4 8. a3
Qa5 9. axb4 Qxa1 10. Nce2 Nbc6 11. Bc4 O-O 12. Qa3 Qb1 13. Bd3 Bf5 14. Nf3 Bxd3
15. cxd3 Nd5 16. O-O Ndxb4 17. Nexd4 Nc2 18. Nxc2 Qxc2 19. d4 Rad8 20. Be3 Rfe8
21. h3 h6 22. Rc1 Qe4 23. Qb3 Rd7 24. Qc4 Qd5 25. Kf1 Qxc4+ 26. Rxc4 f5 27. h4
Kf7 28. Bf4 Re4 29. g3 Ke6 30. Be3 Kd5 31. Ra4 Rde7 32. Ra3 Re8 33. Rc3 a6 34.
Rb3 Na5 35. Rc3 R4e6 36. Bf4 Nc6 37. Be3 Re4 38. Rb3 Na5 39. Rc3 Nc6 40. Rb3
R8e7 41. Rc3 Na7 42. Nd2 R4e6 43. Nc4 Nb5 44. Rc1 Nxd4 45. Nb6+ Ke5 46. Rd1 Nc6
47. Nd7+ Ke4 48. Ke2 f4 49. gxf4 Kf5 50. Kf3 Nb4 51. Ne5 g5 52. hxg5 hxg5 53.
Rh1 gxf4 54. Rh5+ Kf6 55. Ng4+ Kg6 56. Rh6+ Kf7 57. Rh7+ Ke8 58. Rh8+ Kd7 59.
Bxf4 Nd3 60. Bd6 Rf7+ 61. Kg3 Rg6 62. f3 Ne1 63. f4 Rfg7 64. Rh4 Nd3 65. f5 Rf6
66. Rh5 Nf2 67. Kxf2 Rxg4 68. Kf3 Rb4 69. Be5 Rf7 70. f6 Ke6 71. Bc3 Ra4 72. Ke3
Ra1 73. Kd3 Rc1 74. Re5+ Kd7 75. Rf5 Kc6 76. Kc4 Rg1 77. Rf4 Rg5 78. b4 b6 79.
cxb6 Kxb6 80. Bd4+ Kc6 81. Re4 Kd7 82. Re1 Rh7 83. Rf1 Ke6 84. Re1+ Kd7 85. Bc5
Rg4+ 86. Kb3 Rf4 87. Rd1+ Kc8 88. Be7 a5 89. Rc1+ Kb7 90. bxa5 Rh3+ 91. Rc3
Rxc3+ 92. Kxc3 Rxf6 93. Bxf6 Ka6 94. Kb4 1/2-1/2

[Event "St.Petersburg Rapid 2016"]
[Site "St Petersburg RUS"]
[Date "2016.08.27"]
[Round "4.8"]
[White "Klimov, Sergey"]
[Black "Morozevich, Alexander"]
[Result "1-0"]
[WhiteTitle "GM"]
[BlackTitle "GM"]
[WhiteElo "2493"]
[BlackElo "2683"]
[WhiteFideId "4121759"]
[BlackFideId "4116992"]
[EventDate "2016.08.27"]

1. e4 e6 2. d4 d5 3. Nc3 Bb4 4. e5 c5 5. a3 Bxc3+ 6. bxc3 Ne7 7. Qg4 O-O 8. Bd3
Nbc6 9. Qh5 Ng6 10. Nf3 Qc7 11. Be3 Nce7 12. h4 f6 13. exf6 Rxf6 14. Ne5 cxd4
15. cxd4 Qc3+ 16. Ke2 Nf5 17. Nxg6 hxg6 18. Qg5 Nxd4+ 19. Bxd4 Qxd4 20. f3 e5
21. Rad1 Qb6 22. h5 e4 23. Qxd5+ Be6 24. Qxe4 Re8 25. hxg6 Rxg6 26. Kf1 Bf7 27.
Qb4 Qe3 28. Qd2 Qxd2 29. Rxd2 Rg5 30. Kf2 Ra5 31. Rb1 b6 32. Bb5 Rc8 33. a4 Rc7
34. Rd8+ Kh7 35. Bd3+ g6 36. Rb4 Kg7 37. Rbd4 Be6 38. g4 g5 39. R8d6 Re5 40. Re4
Kf6 41. Ke3 Rxe4+ 42. Bxe4 Ke5 43. Rd8 Rc3+ 44. Kd2 Rc5 45. Re8 Kf6 46. Rf8+ Ke5
47. Kd3 Ra5 48. Bc6 Kd6 49. Rf6 a6 50. Be4 Ke7 51. Rg6 b5 52. axb5 Rxb5 53. Rg7+
Kf6 54. Ra7 a5 55. Kd4 Rb4+ 56. Kc5 Ra4 57. Kb5 Rd4 58. Rxa5 Bxg4 59. Kc5 Ke5
60. c3 Rd8 61. Kb4+ Kf4 62. fxg4 Kxe4 63. Rxg5 Kf4 64. Rg6 Rb8+ 65. Kc5 Rc8+ 66.
Rc6 Rg8 67. c4 Ke5 68. Rc7 Rxg4 69. Re7+ Kf6 70. Re1 Rg8 71. Kb6 Rb8+ 72. Kc7 1-0

[Event "St.Petersburg Rapid 2016"]
[Site "St Petersburg RUS"]
[Date "2016.08.27"]
[Round "4.9"]
[White "Ponkratov, Pavel"]
[Black "Malakhov, Igor"]
[Result "1-0"]
[WhiteTitle "GM"]
[BlackTitle "IM"]
[WhiteElo "2589"]
[BlackElo "2451"]
[WhiteFideId "4157800"]
[BlackFideId "4183088"]
[EventDate "2016.08.27"]

1. Nf3 c5 2. e3 Nf6 3. c4 Nc6 4. Nc3 d5 5. cxd5 Nxd5 6. Bc4 e6 7. Qb3 Nxc3 8.
Qxc3 Qa5 9. Rb1 Qxc3 10. bxc3 b6 11. d4 cxd4 12. cxd4 Bb7 13. Bd2 Rc8 14. Bd3
Be7 15. a4 Rc7 16. Ke2 O-O 17. h4 Rd8 18. Rhc1 Rdc8 19. Ng5 h6 20. Nf3 Bd6 21.
g4 e5 22. d5 Ne7 23. Rxc7 Rxc7 24. e4 h5 25. gxh5 f5 26. Ng5 fxe4 27. Nxe4 Nf5
28. Rg1 Nd4+ 29. Kd1 Nf3 30. Rg3 Nxd2 31. Nxd6 Bxd5 32. Kxd2 Rd7 33. Nf5 e4 34.
Bb5 Bc6+ 35. Ke3 Bxb5 36. axb5 1-0

[Event "St.Petersburg Rapid 2016"]
[Site "St Petersburg RUS"]
[Date "2016.08.27"]
[Round "4.10"]
[White "Huzman, Alexander"]
[Black "Lavrov, Maxim1"]
[Result "0-1"]
[WhiteTitle "GM"]
[BlackTitle "IM"]
[WhiteElo "2577"]
[BlackElo "2369"]
[WhiteFideId "2803828"]
[BlackFideId "4166418"]
[EventDate "2016.08.27"]

1. Nf3 Nf6 2. c4 g6 3. Nc3 c5 4. g3 Bg7 5. Bg2 O-O 6. O-O Nc6 7. d4 cxd4 8. Nxd4
d6 9. e3 Bd7 10. Qe2 Qc8 11. Rd1 Bh3 12. b3 Bxg2 13. Kxg2 h5 14. Bb2 h4 15. Rac1
h3+ 16. Kg1 Ne5 17. f3 b6 18. Nd5 Qb7 19. e4 e6 20. Nxf6+ Bxf6 21. Ba3 Rfd8 22.
f4 Nc6 23. Nb5 Rd7 24. Nxd6 Qa6 25. Nb5 Nd4 26. Qf1 Rad8 27. e5 Nxb5 28. cxb5
Qxa3 29. Rxd7 Rxd7 30. exf6 Rd8 31. Rc2 Qb4 32. Rf2 Qc5 33. b4 Qe3 34. Qe2 Qc3
35. g4 Qxf6 36. Qe5 Qe7 37. g5 Qxb4 38. Re2 Qb1+ 39. Kf2 Qh1 40. Kg3 Rd3+ 41.
Kh4 Qf3 0-1

[Event "St.Petersburg Rapid 2016"]
[Site "St Petersburg RUS"]
[Date "2016.08.27"]
[Round "4.11"]
[White "Rozum, Ivan"]
[Black "Smirnov, Artem"]
[Result "1-0"]
[WhiteTitle "GM"]
[BlackTitle "IM"]
[WhiteElo "2585"]
[BlackElo "2409"]
[WhiteFideId "24104272"]
[BlackFideId "4143256"]
[EventDate "2016.08.27"]

1. Nf3 Nf6 2. g3 b5 3. Bg2 Bb7 4. Na3 a6 5. c4 b4 6. Nc2 c5 7. O-O e6 8. b3 Be7
9. Bb2 O-O 10. d4 cxd4 11. Ncxd4 Qc7 12. Rc1 Nc6 13. e3 Rfd8 14. Qe2 Rac8 15. e4
d6 16. Nxc6 Bxc6 17. e5 dxe5 18. Nxe5 Bxg2 19. Kxg2 Qb7+ 20. f3 h5 21. Rfd1 Ng4
22. h3 Nxe5 23. Bxe5 Qc6 24. g4 Bg5 25. Rxd8+ Rxd8 26. Rd1 hxg4 27. hxg4 Qc5 28.
Bg3 Rxd1 29. Qxd1 Qe3 30. Bf2 Qe5 31. c5 Qc7 32. Qd4 a5 33. Qe4 Be7 34. Qa8+ Kh7
35. c6 Qe5 36. Qb7 Bd6 37. Qxf7 Qh2+ 38. Kf1 Qh1+ 39. Ke2 Qc1 40. Qh5+ Kg8 41.
Qe8+ Kh7 42. Qd7 Qc2+ 43. Kf1 Qc1+ 44. Kg2 Qf4 45. Qxe6 Qh2+ 46. Kf1 Bg3 47.
Qe4+ Kh8 48. Qe8+ Kh7 49. Qh5+ 1-0

[Event "St.Petersburg Rapid 2016"]
[Site "St Petersburg RUS"]
[Date "2016.08.27"]
[Round "4.12"]
[White "Apryshko, Gleb"]
[Black "Chigaev, Maksim"]
[Result "0-1"]
[WhiteTitle "FM"]
[BlackTitle "IM"]
[WhiteElo "2335"]
[BlackElo "2550"]
[WhiteFideId "24131792"]
[BlackFideId "4108116"]
[EventDate "2016.08.27"]

1. e4 g6 2. d4 Bg7 3. c4 d6 4. Nc3 Nf6 5. Be2 O-O 6. Bg5 c5 7. d5 e6 8. Nf3 exd5
9. cxd5 Re8 10. Nd2 a6 11. a4 Nbd7 12. O-O Rb8 13. Nc4 Ne5 14. Nxe5 Rxe5 15. f4
Rxg5 16. fxg5 Nd7 17. Qd2 Ne5 18. a5 Bd7 19. Na4 Bxa4 20. Rxa4 Bf8 21. Ra3 Be7
22. b4 Bxg5 23. Qb2 c4 24. Qd4 b5 25. axb6 Qxb6 26. Qxb6 Rxb6 27. Rfa1 Rxb4 28.
Rxa6 c3 0-1